000 00446nam a2200181Ia 4500
001 19720
005 20260306172713.0
008 260306t2008||||xx |||||||||||||| ||spa||
041 _aESP
082 _a341
_bH41 2008
100 _aHervada, Javier
_eAUT
245 0 _aLecciones propedéuticas de filosofía del derecho
260 _c2008
300 _a647 páginas :
_c24 cm.
650 _aGEN
654 _aCDE
942 _cLIB
_dJUS
_fJUS
_2ddc
_n
999 _c19720
_d19720